| 000 | 01813nam a2200337 a 4500 | ||
|---|---|---|---|
| 001 | BRCA_3083 | ||
| 005 | 20190320204113.0 | ||
| 008 | 270109s1830----fr-a---###---#000-0dfre-u | ||
| 041 | _afre | ||
| 044 | _afr | ||
| 084 |
_a390 _b.B56 _c1830 |
||
| 100 | 1 |
_aCervantes Saavedra, Miguel de _d1547-1616 _9213 |
|
| 245 | 1 | 0 |
_aHistoire de L´Admirable Don Quichotte de la Manche _cMiguel de Cervantes Saavedra ; Traduite de L´Espagnol par Filleau de Saint-Martin. |
| 260 |
_aParís _bBureau de la Bibliothéque Choisie _c1830 |
||
| 300 |
_a5 v. _bil. _c21 cm. |
||
| 500 | _aContenido : v 1. Primera parte. retrato de Cervantes. Vida de Cervantes por Florian. Prólogo del autor. texto. -- v 2. Texto. Segunda parte. Texto. -- v 3. Texto. -- v 4. Texto. Primera parte de la continuación escrita por el traductor. Texto. -- v 5. Segunda parte de la continuación escrita por el traductor. Texto | ||
| 500 | _aEdición : Précédée de la Vie de Miguel de Cervantes | ||
| 500 | _aContiene la vida de Cervantes y el prólogo traducido por Florian. Las láminas dibujadas por Charlet son de escaso valor. Impresión esmerada. Semipiel; lomeras decoradas con filetes dorados Lúdovik Osterc | ||
| 500 | _aEstadó físico : El volumen 1 presenta el lomo maltratado | ||
| 500 | _aQM318 | ||
| 546 | _aTexto en : francés | ||
| 650 | 1 | 4 |
_aNovela española _yÉpoca clásica, 1500-1700 _9215 |
| 650 | 1 | 4 |
_aLiteratura española _yÉpoca clásica, 1500-1700 _9216 |
| 650 | 1 | 4 |
_aNovela española _ySiglo XVII _9217 |
| 650 | 1 | 4 |
_aDon Quijote (Personaje ficticio) _eNovela _9218 |
| 700 | 1 |
_aSaint-Martin, Francois Filleau de _d1632-1695 _eTraductor _98420 |
|
| 700 | 1 |
_aFlorian, Jean-Pierre Claris de _d1755-1794 _eBiógrafo _98421 |
|
| 740 | 0 | _aEl Ingenioso Hidalgo Don Quijote de la Mancha | |
| 902 | _aQFM | ||
| 942 |
_2lcc _cB |
||
| 999 |
_c2819 _d2819 |
||